Villes du Brésil - Mort subite - Statistiques

Statistiques générales
  • Ce quiz a été pris 653 fois
  • Le résultat moyen est 7 sur 15
Answers on the Grid
Answers color-coded by a green-red scale on the quiz's grid according to % correct below.
Rio de Janeiro
São Paulo
Brasília
Salvador
Manaus
Belém
Recife
Belo Horizonte
Fortaleza
Curitiba
Porto Alegre
Florianópolis
Cuiabá
Vitória
Santos
Lisbonne
Estoril
Paris
Lorient
Berne
Sucre
Maputo
Bissau
Jairzinho
Portimão
Vladivostok
Lima
Dodoma
Praia
Tucumán
Caracas
Arouca
 
Statistiques - réponses
Réponse % Correct
Rio de Janeiro
82%
Brasília
79%
São Paulo
78%
Porto Alegre
56%
Belo Horizonte
55%
Belém
51%
Recife
49%
Fortaleza
48%
Santos
47%
Manaus
45%
Curitiba
42%
Cuiabá
30%
Salvador
30%
Florianópolis
25%
Vitória
21%
Aucun quiz correspondant
Distribution des résultats
% des personnes avec chaque résultat
Percentile par nombre de réponses
Votre historique - résultats
Vous n’avez pas pris ce quiz